|
|
|
|
| LEADER |
01941nam a2200517 i 4500 |
| 001 |
nkc20213315119 |
| 003 |
CZ PrNK |
| 005 |
20210813085338.0 |
| 007 |
ta |
| 008 |
210331s2020 xr a f 000 0 cze |
| 015 |
|
|
|a cnb003315119
|
| 020 |
|
|
|a 978-80-7418-363-8
|q (Key Publishing ;
|q brožováno)
|
| 020 |
|
|
|a 978-80-7638-016-5
|q (Metropolitní univerzita Praha ;
|q brožováno)
|
| 035 |
|
|
|a (OCoLC)1263262982
|
| 040 |
|
|
|a ABA001
|b cze
|e rda
|
| 072 |
|
7 |
|a 35.07
|x Organizace a řízení veřejné správy
|2 Konspekt
|9 15
|
| 080 |
|
|
|a 35.07
|2 MRF
|
| 080 |
|
|
|a 330.341.1
|2 MRF
|
| 080 |
|
|
|a 35:004.738
|2 MRF
|
| 080 |
|
|
|a (048.8)
|2 MRF
|
| 100 |
1 |
|
|a Čajková, Andrea
|7 ola2017975622
|4 aut
|
| 245 |
1 |
0 |
|a Inovativní trendy řízení ve veřejné správě /
|c Andrea Čajková
|
| 250 |
|
|
|a Vydání: první
|
| 264 |
|
1 |
|a Ostrava :
|b Key Publishing s.r.o. ;
|a Praha :
|b Metropolitan University Prague Press,
|c 2020
|
| 300 |
|
|
|a 163 stran :
|b ilustrace ;
|c 24 cm
|
| 336 |
|
|
|a text
|b txt
|2 rdacontent
|
| 337 |
|
|
|a bez média
|b n
|2 rdamedia
|
| 338 |
|
|
|a svazek
|b nc
|2 rdacarrier
|
| 490 |
1 |
|
|a Monografie
|
| 504 |
|
|
|a Obsahuje bibliografii
|
| 650 |
0 |
7 |
|a management veřejné správy
|7 ph493990
|2 czenas
|
| 650 |
0 |
7 |
|a inovace
|7 ph121118
|2 czenas
|
| 650 |
0 |
7 |
|a elektronická veřejná správa
|7 ph208683
|2 czenas
|
| 650 |
0 |
9 |
|a public administration management
|2 eczenas
|
| 650 |
0 |
9 |
|a innovations
|2 eczenas
|
| 650 |
0 |
9 |
|a electronic government
|2 eczenas
|
| 655 |
|
7 |
|a monografie
|7 fd132842
|2 czenas
|
| 655 |
|
9 |
|a monographs
|2 eczenas
|
| 830 |
|
0 |
|a Monografie (Key Publishing)
|0 s
|
| 910 |
2 |
|
|a BOA001
|b 2-1465.746
|
| 928 |
9 |
|
|a Metropolitní univerzita Praha
|
| 990 |
|
|
|a BK
|
| 995 |
|
|
|a 01
|
| 991 |
|
|
|b 202107
|c NOV
|
| 996 |
6 |
|
|b 2610869991
|c 2-1465.746
|l MZK
|r Sklad / do 1 hodiny
|n 0
|p p.v.
|w 001854661
|u 000010
|a 1
|e BOA001
|j MZK50
|s P
|
| 996 |
7 |
|
|b 2610875776
|c 2-1465.746
|l Vol.výběr
|r VV 0p
|n 7
|p kup
|h 35 ČAJ
|w 001854661
|u 000020
|a 0
|e BOA001
|j MZK50
|s A
|